000
00229nam a2200085Ia 4500
245
0
_a
Ema the rhinoceros
100
_a
GREY, Chelsea Gillian Norwalk, 2003
_9
83424
942
_c
BK
008
210817s9999 xx 000 0 und d
999
_c
304043
_d
304041